Normal view MARC view

Entry Personal Name

Number of records used in: 1

001 - CONTROL NUMBER

  • control field: 1186960

003 - CONTROL NUMBER IDENTIFIER

  • control field: OSt

005 - DATE AND TIME OF LATEST TRANSACTION

  • control field: 20260324131824.0

008 - FIXED-LENGTH DATA ELEMENTS

  • fixed length control field: 260324|| aca||aabn | a|a d

040 ## - CATALOGING SOURCE

  • Original cataloging agency: OSt
  • Transcribing agency: OSt

100 ## - HEADING--PERSONAL NAME

  • Personal name: David R. Mandel; Denis J. Hilton; Patrizia Catellani

670 ## - SOURCE DATA FOUND

  • Source citation: Work cat.: (OSt)1784485: David R. Mandel; Denis J. Hilton; Patrizia Catellani, The Psychology of Counterfactual Thinking
Copyright @ Delhi University Library System